La compañía multinacional: un enfoque radical

Guardado en:
書目詳細資料
主要作者: Hymer, Stephen H.
格式: Texto
出版: Madrid: H. Blume
標簽: 添加標簽
沒有標簽, 成為第一個標記此記錄!

MARC

LEADER 00000 a a2200000 04500
001 22227
003
040
090 |a 150800  
100 |a Hymer, Stephen H.  
245 |a La compañía multinacional: un enfoque radical  
260 |a Madrid:   |b H. Blume  
300 |a 439 p.   |b **no definido**  
999 |c 15097  |d 15097